000 00298nam a22001337a 4500
008 170616b xxu||||| |||| 00| 0 eng d
020 _a0894904906
041 _aeng
080 _2
_a94
100 _a16
101 _aSHH
245 _aNEW YORK TIMES V,UNITED STATES
_cHERDA,D.J
942 _2udc
_cBK
999 _c17780
_d17780